[Event "GER-ch U25-A"]
[Site "Willingen"]
[Date "2017.06.06"]
[Round "4"]
[White "Reindl, Knut"]
[Black "Ziegenfuss, Larissa"]
[Result "1-0"]
[WhiteElo "1750"]
[BlackElo "1555"]
[PlyCount "59"]
[EventDate "2017.06.04"]
[EventType "swiss"]
[EventRounds "9"]
[EventCountry "GER"]
[SourceTitle "CBM 178 Extra"]
[Source "ChessBase"]
[SourceDate "2017.06.22"]
[SourceVersion "1"]
[SourceVersionDate "2017.06.22"]
[SourceQuality "1"]

1. c4 c5 2. Nf3 Nc6 3. g3 g6 4. Bg2 Bg7 5. Nc3 d6 6. 0-0 Nf6 7. d3 0-0 8. a3 Bf5 9. Rb1 Qc8 10. Re1 Nd7 11. Nd5 Be6 12. Ne3 Nde5 13. Nxe5 Nxe5 14. b4 Rb8 15. Bb2 g5 16. Qc1 Ng6 17. Nd5 h6 18. e3 Bh3 19. f4 Bxg2 20. Kxg2 e6 21. Nf6+ Bxf6 22. Bxf6 gxf4 23. exf4 Qd7 24. f5 Qc6+ 25. Re4 Kh7 26. fxg6+ fxg6 27. Bb2 Rf5 28. Qc3 Rf7 29. Rf1 Rbf8 30. Rxf7+ 1-0

[Event "GER-ch U25-A"]
[Site "Willingen"]
[Date "2017.06.04"]
[Round "1"]
[White "Ziegenfuss, Larissa"]
[Black "Taeschner, Simon"]
[Result "0-1"]
[WhiteElo "1555"]
[BlackElo "1712"]
[PlyCount "106"]
[EventDate "2017.06.04"]
[EventType "swiss"]
[EventRounds "9"]
[EventCountry "GER"]
[SourceTitle "CBM 178 Extra"]
[Source "ChessBase"]
[SourceDate "2017.06.22"]
[SourceVersion "1"]
[SourceVersionDate "2017.06.22"]
[SourceQuality "1"]

1. e4 c5 2. Nc3 Nc6 3. g3 g6 4. Bg2 d6 5. Nge2 Bg7 6. d3 Nf6 7. h3 0-0 8. Be3 Nd7 9. 0-0 Nd4 10. Qd2 Qa5 11. Qc1 Rb8 12. g4 b5 13. Ng3 Nb6 14. f4 Na4 15. Nxa4 bxa4 16. c3 Nb5 17. f5 a3 18. b3 Qxc3 19. Rb1 Qxc1 20. Rbxc1 Bb2 21. Rc2 Nc3 22. Rcf2 Kg7 23. Bc1 Nxa2 24. Bxb2+ axb2 25. Rxb2 Nb4 26. Rd1 Ba6 27. Bf1 Rb6 28. Kf2 Rfb8 29. Ke3 d5 30. Rdb1 Rd8 31. Be2 dxe4 32. dxe4 Bxe2 33. Kxe2 Rd3 34. Kf2 Rbd6 35. h4 Rd2+ 36. Rxd2 Rxd2+ 37. Ke3 Rd3+ 38. Kf2 Kf6 39. Ra1 a6 40. Rb1 Ke5 41. fxg6 hxg6 42. h5 gxh5 43. gxh5 Rd8 44. Kf3 Nc2 45. Ke2 Nd4+ 46. Ke3 Rg8 47. Nf1 Rg5 48. h6 Rh5 49. Nd2 Rh3+ 50. Kf2 Rxh6 51. Rc1 Rh2+ 52. Ke3 Re2+ 53. Kd3 Rxd2+ 0-1

[Event "Pfarrkirchen Rottal op 1st"]
[Site "Pfarrkirchen"]
[Date "2017.04.14"]
[Round "1"]
[White "Ziegenfuss, Larissa"]
[Black "Golder, Waldemar"]
[Result "0-1"]
[WhiteElo "1646"]
[BlackElo "2072"]
[PlyCount "110"]
[EventDate "2017.04.14"]
[EventType "swiss"]
[EventRounds "7"]
[EventCountry "GER"]
[SourceTitle "CBM 177 Extra"]
[Source "ChessBase"]
[SourceDate "2017.04.27"]
[SourceVersion "1"]
[SourceVersionDate "2017.04.27"]
[SourceQuality "1"]

1. e4 c5 2. Nc3 Nc6 3. g3 g6 4. Bg2 Bg7 5. d3 d6 6. Nge2 Nf6 7. h3 0-0 8. Be3 Bd7 9. Qd2 Rb8 10. g4 b5 11. Ng3 Nd4 12. Nce2 Ne8 13. c3 Nxe2 14. Qxe2 b4 15. c4 Nc7 16. 0-0 Ne6 17. Qd2 Nd4 18. Bh6 e6 19. Bxg7 Kxg7 20. Ne2 Qf6 21. f4 Nxe2+ 22. Qxe2 Qd4+ 23. Kh1 f5 24. exf5 exf5 25. g5 Rbe8 26. Qd2 Re3 27. Rf3 Rfe8 28. Rxe3 Rxe3 29. Re1 Rxe1+ 30. Qxe1 Kf8 31. Qd2 Be6 32. b3 Kf7 33. Bf1 a5 34. Qg2 d5 35. Qf3 Ke7 36. Kh2 Kd6 37. Qg3 Bd7 38. cxd5 Be8 39. Qf3 Bf7 40. Kg3 Bxd5 41. Qf2 Qxf2+ 42. Kxf2 a4 43. bxa4 Bxa2 44. a5 Kc6 45. Be2 Kb5 46. d4+ c4 47. d5 Kxa5 48. Bf3 c3 49. d6 Be6 50. Bd1 Kb6 51. d7 Bxd7 52. Bb3 Kc5 53. Ke3 Bc6 54. Bg8 Be4 55. Bb3 Bd5 0-1

[Event "GER-ch U25-B"]
[Site "Willingen"]
[Date "2016.05.21"]
[Round "9"]
[White "Zell, Mirjam"]
[Black "Ziegenfuss, Larissa"]
[Result "1-0"]
[WhiteElo "1519"]
[BlackElo "1281"]
[PlyCount "77"]
[EventDate "2016.05.15"]
[EventType "swiss"]
[EventRounds "9"]
[EventCountry "GER"]
[SourceTitle "CBM 172 Extra"]
[Source "ChessBase"]
[SourceDate "2016.06.21"]
[SourceVersion "1"]
[SourceVersionDate "2016.06.21"]
[SourceQuality "1"]

1. e4 c5 2. Nf3 e6 3. d4 cxd4 4. Nxd4 Nc6 5. Nb5 a6 6. Nd6+ Bxd6 7. Qxd6 Nf6 8. Nc3 Qa5 9. Bd2 Qe5 10. Qxe5 Nxe5 11. Be2 0-0 12. 0-0 b5 13. Bf4 Ng6 14. Bd6 Re8 15. e5 Nd5 16. Nxd5 exd5 17. f4 Bb7 18. g3 f6 19. Bh5 Rec8 20. Rac1 Nf8 21. Bf3 fxe5 22. Bxe5 Ne6 23. Rfd1 Nc7 24. Rd2 Kf7 25. Rcd1 g6 26. c3 Ke6 27. Bxc7 Rxc7 28. Bxd5+ Bxd5 29. Rxd5 Raa7 30. Kf2 Kf6 31. Kf3 Ke6 32. Kg4 Kf6 33. Rd6+ Kg7 34. f5 h5+ 35. Kg5 gxf5 36. Kxf5 Rc5+ 37. Kf4 Rc4+ 38. Ke3 Rcc7 39. R1d5 1-0

[Event "GER-ch U25-B"]
[Site "Willingen"]
[Date "2016.05.20"]
[Round "8"]
[White "Schilay, Maria"]
[Black "Ziegenfuss, Larissa"]
[Result "1/2-1/2"]
[WhiteElo "1372"]
[BlackElo "1281"]
[PlyCount "71"]
[EventDate "2016.05.15"]
[EventType "swiss"]
[EventRounds "9"]
[EventCountry "GER"]
[SourceTitle "CBM 172 Extra"]
[Source "ChessBase"]
[SourceDate "2016.06.21"]
[SourceVersion "1"]
[SourceVersionDate "2016.06.21"]
[SourceQuality "1"]

1. e4 c5 2. Nc3 e6 3. g3 Nc6 4. Bg2 Nf6 5. d3 Be7 6. Be3 0-0 7. f4 d5 8. e5 Nd7 9. Bd2 Qb6 10. a3 a6 11. Nf3 Qc7 12. 0-0 b5 13. Na2 Bb7 14. b4 c4 15. d4 Qb6 16. c3 Ra7 17. Qc2 Rfa8 18. Qb2 a5 19. Kh1 axb4 20. Nxb4 Nxb4 21. axb4 Ra4 22. Rae1 Ra3 23. Ra1 Rxa1 24. Rxa1 Rxa1+ 25. Qxa1 Qa6 26. Qxa6 Bxa6 27. h4 Nb6 28. g4 Na4 29. g5 g6 30. Kh2 Nb2 31. Bf1 Na4 32. Kg3 Bb7 33. Kg4 Kg7 34. h5 Bc6 35. hxg6 hxg6 36. Be2 1/2-1/2

[Event "GER-ch U25-B"]
[Site "Willingen"]
[Date "2016.05.16"]
[Round "3"]
[White "Ziegenfuss, Larissa"]
[Black "Giede, Anna Blume"]
[Result "1/2-1/2"]
[WhiteElo "1281"]
[BlackElo "1500"]
[PlyCount "76"]
[EventDate "2016.05.15"]
[EventType "swiss"]
[EventRounds "9"]
[EventCountry "GER"]
[SourceTitle "CBM 172 Extra"]
[Source "ChessBase"]
[SourceDate "2016.06.21"]
[SourceVersion "1"]
[SourceVersionDate "2016.06.21"]
[SourceQuality "1"]

1. e4 c6 2. d4 d5 3. Nc3 dxe4 4. Nxe4 Nf6 5. Nxf6+ exf6 6. Nf3 Bg4 7. Be2 Bd6 8. 0-0 0-0 9. b3 Qc7 10. h3 Bh5 11. Nh4 Bxe2 12. Qxe2 Nd7 13. Qg4 Kh8 14. Nf5 g6 15. Nh4 Rfe8 16. Bb2 Re7 17. Rae1 Rae8 18. Rxe7 Rxe7 19. Qf3 Kg7 20. Bc3 b6 21. Qg4 Kf8 22. Re1 Rxe1+ 23. Bxe1 c5 24. dxc5 Bxc5 25. Bd2 Qd6 26. Bh6+ Ke7 27. Qe4+ Qe6 28. Qxe6+ fxe6 29. Bc1 e5 30. Kf1 Ke6 31. Ke2 e4 32. g3 g5 33. Ng2 h6 34. Be3 Bd6 35. Kd2 f5 36. Kc3 Kd5 37. Kd2 Ne5 38. Ke2 Nf3 1/2-1/2

[Event "GER-ch U25-B"]
[Site "Willingen"]
[Date "2016.05.15"]
[Round "2"]
[White "Fuhrmann, Philipp"]
[Black "Ziegenfuss, Larissa"]
[Result "1/2-1/2"]
[WhiteElo "1459"]
[BlackElo "1281"]
[PlyCount "142"]
[EventDate "2016.05.15"]
[EventType "swiss"]
[EventRounds "9"]
[EventCountry "GER"]
[SourceTitle "CBM 172 Extra"]
[Source "ChessBase"]
[SourceDate "2016.06.21"]
[SourceVersion "1"]
[SourceVersionDate "2016.06.21"]
[SourceQuality "1"]

1. e4 c5 2. Nf3 e6 3. d4 cxd4 4. Nxd4 Nc6 5. Be3 Nf6 6. Nc3 Bb4 7. Bd3 Qa5 8. Nde2 0-0 9. 0-0 d5 10. exd5 exd5 11. Bd2 d4 12. Nb1 Bxd2 13. Nxd2 Bg4 14. f3 Be6 15. Nb3 Qe5 16. Kh1 Nd5 17. Re1 Ne3 18. Qd2 Bxb3 19. axb3 Nd5 20. Bc4 Ndb4 21. Ng3 Qf6 22. c3 dxc3 23. bxc3 Rad8 24. Qe3 Nd5 25. Bxd5 Rxd5 26. Ne4 Qg6 27. c4 Rd7 28. Nc5 Re7 29. Qd2 Rxe1+ 30. Qxe1 b6 31. Ne4 h6 32. Rd1 Rd8 33. Rxd8+ Nxd8 34. h3 Qe6 35. Qg3 Nc6 36. Kg1 f5 37. Nd2 Qd7 38. Qe1 Kf7 39. Kf2 Qd4+ 40. Qe3 Qh4+ 41. Kf1 Qd4 42. Qxd4 Nxd4 43. Kf2 Nc2 44. Ke2 Ke6 45. g3 Ke5 46. Kd3 Nb4+ 47. Kc3 Nc6 48. f4+ Kf6 49. Nf3 g5 50. fxg5+ hxg5 51. b4 Ne5 52. Nd4 f4 53. g4 f3 54. Nf5 Ng6 55. Kd2 Ne5 56. c5 bxc5 57. bxc5 Ke6 58. c6 Nxc6 59. Ke3 Ne5 60. Nd4+ Kd5 61. Nb3 Kc4 62. Nd2+ Kc3 63. Ne4+ Kc2 64. Nxg5 a5 65. Nxf3 Nxf3 66. Kxf3 a4 67. g5 a3 68. g6 a2 69. g7 a1Q 70. g8Q Qf1+ 71. Ke4 Qxh3 1/2-1/2

[Event "GER-ch U12"]
[Site "Willingen"]
[Date "2015.05.29"]
[Round "10"]
[White "Schille, Hannes"]
[Black "Ziegenfuss, Larissa"]
[Result "1-0"]
[WhiteElo "1489"]
[BlackElo "1455"]
[PlyCount "79"]
[EventDate "2015.05.24"]
[EventType "swiss"]
[EventRounds "11"]
[EventCountry "GER"]
[SourceTitle "CBM 166 Extra"]
[Source "ChessBase"]
[SourceDate "2015.06.18"]
[SourceVersion "1"]
[SourceVersionDate "2015.06.18"]
[SourceQuality "1"]

1. d4 Nf6 2. c4 e6 3. Nc3 Bb4 4. Bg5 d5 5. e3 0-0 6. Nf3 Nbd7 7. Qc2 Qe8 8. Bd3 dxc4 9. Bxc4 Bxc3+ 10. bxc3 h6 11. Bf4 Qd8 12. 0-0 Nb6 13. Bd3 Nbd5 14. Bg3 b6 15. e4 Ne7 16. Rfe1 Bb7 17. Qd2 Rc8 18. c4 Kh8 19. Rac1 c5 20. d5 exd5 21. exd5 Ra8 22. Re2 Qd7 23. Rce1 Rae8 24. Qc3 Ng6 25. Ne5 Nxe5 26. Bxe5 Nh5 27. h3 f6 28. Bh2 Rxe2 29. Rxe2 g5 30. Qe1 Ng7 31. Re7 Qc8 32. Rc7 Qb8 33. Rxg7 Kxg7 34. Bxb8 Rxb8 35. Qe7+ Kg8 36. Qh7+ Kf8 37. Qxh6+ Ke7 38. Qg7+ Kd6 39. Qxf6+ Kd7 40. Bf5+ 1-0

[Event "GER-ch U12"]
[Site "Willingen"]
[Date "2015.05.29"]
[Round "9"]
[White "Ziegenfuss, Larissa"]
[Black "Zell, Hannah"]
[Result "1-0"]
[WhiteElo "1455"]
[BlackElo "1224"]
[PlyCount "135"]
[EventDate "2015.05.24"]
[EventType "swiss"]
[EventRounds "11"]
[EventCountry "GER"]
[SourceTitle "CBM 166 Extra"]
[Source "ChessBase"]
[SourceDate "2015.06.18"]
[SourceVersion "1"]
[SourceVersionDate "2015.06.18"]
[SourceQuality "1"]

1. e4 g6 2. d4 d6 3. Nf3 Bg7 4. c3 Nf6 5. Nbd2 0-0 6. Bc4 e6 7. Bb3 Re8 8. 0-0 c6 9. Qe2 Nbd7 10. h3 Nb6 11. e5 dxe5 12. Nxe5 Nfd5 13. Ndf3 Nd7 14. Rd1 Qc7 15. Nxd7 Bxd7 16. c4 Nf6 17. Ne5 Rad8 18. Bg5 Rc8 19. Qf3 Rf8 20. Bxf6 a6 21. Bxg7 Kxg7 22. Ng4 h5 23. Qf6+ Kh7 24. Ne5 Be8 25. Rd3 Qd8 26. Qxd8 Rxd8 27. d5 cxd5 28. cxd5 Bb5 29. Rdd1 exd5 30. Bxd5 f6 31. Nf3 Be2 32. Re1 Bxf3 33. Bxf3 b5 34. Rad1 f5 35. Rxd8 Rxd8 36. Rd1 Rxd1+ 37. Bxd1 a5 38. Kf1 Kg7 39. Ke2 Kf6 40. Kd3 Ke5 41. Bb3 g5 42. a4 bxa4 43. Bxa4 g4 44. hxg4 hxg4 45. Kc4 Kf4 46. Bc6 g3 47. fxg3+ Kxg3 48. Kb5 Kf4 49. Kxa5 Ke5 50. b4 Kd6 51. Kb6 f4 52. b5 Ke7 53. Kc7 Ke6 54. b6 Ke5 55. b7 Kd4 56. b8Q Ke5 57. Qb5+ Kd4 58. Qd5+ Ke3 59. Qe4+ Kd2 60. Qf3 Kc2 61. Kd6 Kd2 62. Kd5 Kc2 63. Kd4 Kb2 64. Qc3+ Kb1 65. Qd2 f3 66. Be4+ Ka1 67. Qc2 fxg2 68. Qb1# 1-0

[Event "GER-ch U12"]
[Site "Willingen"]
[Date "2015.05.26"]
[Round "5"]
[White "Ziegenfuss, Larissa"]
[Black "Kurzweil, Naemi"]
[Result "0-1"]
[WhiteElo "1455"]
[BlackElo "1232"]
[PlyCount "120"]
[EventDate "2015.05.24"]
[EventType "swiss"]
[EventRounds "11"]
[EventCountry "GER"]
[SourceTitle "CBM 166 Extra"]
[Source "ChessBase"]
[SourceDate "2015.06.18"]
[SourceVersion "1"]
[SourceVersionDate "2015.06.18"]
[SourceQuality "1"]

1. e4 c5 2. Nc3 d6 3. g3 Nc6 4. Bg2 Nf6 5. Nge2 Bg4 6. h3 Bh5 7. g4 Bg6 8. Ng3 e6 9. d3 d5 10. exd5 exd5 11. 0-0 Be7 12. Bd2 Qd7 13. Nce2 0-0-0 14. f4 h6 15. Kh2 h5 16. g5 h4 17. gxf6 hxg3+ 18. Nxg3 Bxf6 19. f5 Bh7 20. c3 Be5 21. Qf3 Bxg3+ 22. Kxg3 Ne7 23. f6 Nf5+ 24. Kh2 gxf6 25. Be1 Qd6+ 26. Kg1 Rhg8 27. Kh1 Qe5 28. Bf2 b6 29. Rae1 Qd6 30. c4 Ng3+ 31. Bxg3 Qxg3 32. Qxg3 Rxg3 33. Bxd5 Rxh3+ 34. Kg2 Rxd3 35. Bxf7 Rd2+ 36. Rf2 Rxf2+ 37. Kxf2 Rd2+ 38. Re2 Rxe2+ 39. Kxe2 Kd7 40. Bd5 a5 41. Kd2 Kd6 42. Bf3 Ke5 43. Kc3 Be4 44. Be2 f5 45. a3 f4 46. Bf1 a4 47. Bh3 Bf5 48. Bg2 Be4 49. Bh3 f3 50. Bf1 Kf4 51. Kd2 Bc6 52. Bh3 Kg3 53. Bf1 Kf2 54. Bd3 Kg1 55. Kc2 f2 56. Kc3 f1Q 57. Bxf1 Kxf1 58. b3 Ke2 59. b4 Ke3 60. b5 Be8 0-1

[Event "GER-ch U12"]
[Site "Willingen"]
[Date "2015.05.24"]
[Round "1"]
[White "Ziegenfuss, Larissa"]
[Black "Dietz, Florian"]
[Result "0-1"]
[WhiteElo "1455"]
[BlackElo "1794"]
[PlyCount "46"]
[EventDate "2015.05.24"]
[EventType "swiss"]
[EventRounds "11"]
[EventCountry "GER"]
[SourceTitle "CBM 166 Extra"]
[Source "ChessBase"]
[SourceDate "2015.06.18"]
[SourceVersion "1"]
[SourceVersionDate "2015.06.18"]
[SourceQuality "1"]

1. e4 c5 2. Nf3 d6 3. d4 cxd4 4. Nxd4 Nf6 5. Nc3 g6 6. Be3 Bg7 7. f3 0-0 8. Qd2 Nc6 9. g4 d5 10. g5 Ne8 11. exd5 Nb4 12. Bc4 Nc7 13. 0-0-0 Bh3 14. Kb1 Nbxd5 15. Nxd5 Nxd5 16. Bxd5 Qxd5 17. f4 Rfd8 18. Nb3 Qf3 19. Qc1 Bg4 20. Rdf1 Qe4 21. Nc5 Qc4 22. Nd3 Rac8 23. Re1 Rxd3 0-1

[Event "GER-ch U12"]
[Site "Magdeburg"]
[Date "2014.06.12"]
[Round "8"]
[White "Ruppert, Paula"]
[Black "Ziegenfuss, Larissa"]
[Result "1/2-1/2"]
[WhiteElo "1202"]
[BlackElo "1316"]
[PlyCount "43"]
[EventDate "2014.06.08"]
[EventType "swiss"]
[EventRounds "11"]
[EventCountry "GER"]
[SourceTitle "CBM 160 Extra"]
[Source "ChessBase"]
[SourceDate "2014.07.01"]
[SourceVersion "1"]
[SourceVersionDate "2014.07.01"]
[SourceQuality "1"]

1. e4 g6 2. d4 Bg7 3. Nc3 d6 4. Be3 Nf6 5. Nf3 0-0 6. Qd2 Ng4 7. Bf4 e5 8. Bg3 Nd7 9. h3 exd4 10. Nxd4 Ngf6 11. 0-0-0 Re8 12. Bd3 Nc5 13. f3 Bd7 14. Bf4 Nh5 15. Nde2 Nxf4 16. Nxf4 Bh6 17. Kb1 Nxd3 18. cxd3 c6 19. g3 Qg5 20. Qf2 Qa5 21. h4 b5 22. Nce2 1/2-1/2